Stability of dengue specific non-structural protein 1 (NS1) and dengue specific RNA /
Saved in:
| 主要作者: | |
|---|---|
| 格式: | Thesis 图书 |
| 语言: | English |
| 出版: |
2010.
|
| 主题: | |
| 标签: |
添加标签
没有标签, 成为第一个标记此记录!
|
| LEADER | 00903cam a2200241 a 4500 | ||
|---|---|---|---|
| 001 | u796313 | ||
| 003 | SIRSI | ||
| 005 | 201008231612 | ||
| 008 | 100823s2010 my t 000 0 eng m | ||
| 040 | |a UMP | ||
| 096 | |a QU4 |b UM 2010 Sim | ||
| 100 | 1 | |a Sim, Hui Zhi. | |
| 245 | 1 | 0 | |a Stability of dengue specific non-structural protein 1 (NS1) and dengue specific RNA / |c Sim Hui Zhi. |
| 260 | |c 2010. | ||
| 300 | |a xii, 65 leaves : |b ill. (some col.) ; |c 30cm. | ||
| 502 | |a Dissertation (B.Biomed.Sc.) -- Department of Molecular Medicine, Faculty of Medicine, University of Malaya, 2010. | ||
| 504 | |a Bibliography: leaves 52-55. | ||
| 650 | 1 | 2 | |a RNA, Viral |x immunology. |
| 650 | 2 | 2 | |a Dengue |x prevention & control. |
| 710 | 2 | 0 | |a Universiti Malaya. |b Jabatan Perubatan Molekul. |
| 900 | |a RAH | ||
| 596 | |a 2 | ||
| 999 | |a QU4 UM 2010 SIM |w NLM |c 1 |i A514502385 |d 1/9/2010 |f 1/9/2010 |g 1 |l TESIS |m P02MEDKL |r Y |s Y |t TESIS |u 1/9/2010 | ||
